ផ្លែឈើដែលខ្ញុំចូលចិត្ត / (Record no. 1158)

MARC details
000 -LEADER
fixed length control field 01186nam a22002897a 4500
005 - DATE AND TIME OF LATEST TRANSACTION
control field 20230808105328.0
020 ## - INTERNATIONAL STANDARD BOOK NUMBER
International Standard Book Number 9789996305948
040 ## - CATALOGING SOURCE
Original cataloging agency FISKH
Language of cataloging eng
Transcribing agency FISKH
Modifying agency FISKH
082 ## - DEWEY DECIMAL CLASSIFICATION NUMBER
Classification number 634.11
100 ## - MAIN ENTRY--PERSONAL NAME
Personal name Vanthary, Oum
245 ## - TITLE STATEMENT
Title ផ្លែឈើដែលខ្ញុំចូលចិត្ត /
246 ## - VARYING FORM OF TITLE
Title proper/short title My favorite fruits
250 ## - EDITION STATEMENT
Edition statement បោះពុម្ភលើកទី ៥ កក្កដា ២០២២
260 ## - PUBLICATION, DISTRIBUTION, ETC.
Place of publication, distribution, etc. Phnom Penh :
Name of publisher, distributor, etc. Sipar,
Date of publication, distribution, etc. 2022.
300 ## - PHYSICAL DESCRIPTION
Extent 16 unnumbered pages :
Other physical details color illustrations ;
Dimensions 17 cm
505 ## - FORMATTED CONTENTS NOTE
Formatted contents note aa
520 ## - SUMMARY, ETC.
Summary, etc. កុមារតូចនិងបានរៀនអំពីពាក្យដំបូងនៃផ្លែឈើមួយចំនួនអមជាមួយរូបភាពពណ៍។
520 ## - SUMMARY, ETC.
Summary, etc. Basic vocabulary of fruits with painting pictures are introduced to young children.
521 ## - TARGET AUDIENCE NOTE
Target audience note 10 <br/>
Source Lexile estimate <br/>
521 ## - TARGET AUDIENCE NOTE
Target audience note aa <br/>
Source Raz-Plus <br/>
650 ## - SUBJECT ADDED ENTRY--TOPICAL TERM
Topical term or geographic name entry element ផ្លែឈើ
Form subdivision រូបភាព
650 ## - SUBJECT ADDED ENTRY--TOPICAL TERM
Topical term or geographic name entry element Fruits
Form subdivision Picutes
700 ## - ADDED ENTRY--PERSONAL NAME
Personal name Sereyroath, Chea
Titles and other words associated with a name illustrator
942 ## - ADDED ENTRY ELEMENTS (KOHA)
Source of classification or shelving scheme Dewey Decimal Classification
Koha item type Books
Suppress in OPAC No
999 ## -
-- 1158
-- 1158
Holdings
Withdrawn status Lost status Source of classification or shelving scheme Damaged status Not for loan Collection Home library Current library Shelving location Date acquired Total Checkouts Full call number Barcode Date last seen Copy number Price effective from Koha item type Date last checked out
    Dewey Decimal Classification     Khmer-English Bilingual / ភាសាខ្មែរ-អង់គ្លេស Footprints International School Library Network Toul Kork Campus Footprints International School Library Network Toul Kork Campus TK Campus, Room B402, Khmer Book Case 16, Shelves 112-123 / ទូរសៀវភៅខ្មែរលេខ ១៦​ ធ្នើរ ១១២ ដល់ ១២៣ បន្ទប់ B402 សាខាទួលគោក 08/04/2023   VAN 634.11 2023-0187 08/04/2023 1 08/04/2023 Books  
    Dewey Decimal Classification     Khmer-English Bilingual / ភាសាខ្មែរ-អង់គ្លេស Footprints International School Library Network Toul Kork Campus Footprints International School Library Network Toul Kork Campus TK Campus, Room B402, Khmer Book Case 16, Shelves 112-123 / ទូរសៀវភៅខ្មែរលេខ ១៦​ ធ្នើរ ១១២ ដល់ ១២៣ បន្ទប់ B402 សាខាទួលគោក 08/04/2023 2 VAN 634.11 2023-0188 11/13/2025 2 08/04/2023 Books 08/22/2025